Los derechos humanos en la constitución y en los tratados internacionales (Record no. 30455)

MARC details
000 -LEADER
fixed length control field 00737nam a22002177a 4500
008 - FIXED-LENGTH DATA ELEMENTS--GENERAL INFORMATION
fixed length control field 120423t mx||||| |||| 00| 0 sp d
020 ## - INTERNATIONAL STANDARD BOOK NUMBER
International Standard Book Number 9700727092
050 04 - LIBRARY OF CONGRESS CALL NUMBER
Classification number K3238
Item number S26 2001
050 04 - LIBRARY OF CONGRESS CALL NUMBER
Classification number KGF3003.T9
Item number S26 2001
100 1# - MAIN ENTRY--PERSONAL NAME
Personal name Sánchez Bringas, Enrique
245 14 - TITLE STATEMENT
Title Los derechos humanos en la constitución y en los tratados internacionales
Statement of responsibility, etc / Enrique Sánchez Bringas
250 ## - EDITION STATEMENT
Edition statement 1a ed,
260 ## - PUBLICATION, DISTRIBUTION, ETC. (IMPRINT)
Place of publication, distribution, etc México :
Name of publisher, distributor, etc Porrúa,
Date of publication, distribution, etc 2001
300 ## - PHYSICAL DESCRIPTION
Extent xiii, 779 p. ;
Dimensions 24 cm.
504 ## - BIBLIOGRAPHY, ETC. NOTE
Bibliography, etc Incluye bibliografía
650 #7 - SUBJECT ADDED ENTRY--TOPICAL TERM
Source of heading or term LEMB
Topical term or geographic name as entry element Derechos humanos (Derecho internacional)
650 #7 - SUBJECT ADDED ENTRY--TOPICAL TERM
Source of heading or term LEMB
Topical term or geographic name as entry element Derechos humanos
General subdivision Tratados
650 #7 - SUBJECT ADDED ENTRY--TOPICAL TERM
Source of heading or term LEMB
Topical term or geographic name as entry element Derecho constitucional
650 #7 - SUBJECT ADDED ENTRY--TOPICAL TERM
Source of heading or term LEMB
Topical term or geographic name as entry element Derechos civiles
Geographic subdivision México
942 ## - ADDED ENTRY ELEMENTS (KOHA)
Source of classification or shelving scheme Biblioteca del Cogreso de los Estados Unidos
Koha item type Libro
Holdings
Estado de pérdida Fuente de clasificación Estado del daño No para préstamo Ubicación permanente Ubicación actual Apartado o colección Fecha de adquisición Edición Dependencia de educación superior (DES) Área del conocimiento Clasificación Código de Barras Date last seen Número de copia Costo por reposición Tipo de recurso Fuente de adquisición
  Biblioteca del Cogreso de los Estados Unidos     Biblioteca Campus Lázaro Cardenas Biblioteca Campus Lázaro Cardenas General 25/10/2012       KGF3003.T9 S26 2001 BCLC000000796 16/01/2015 1   Libro  
  Biblioteca del Cogreso de los Estados Unidos     Biblioteca Campus Lázaro Cardenas Biblioteca Campus Lázaro Cardenas General 25/10/2012       KGF3003.T9 S26 2001 BCLC000000797 16/01/2015 2   Libro  
  Biblioteca del Cogreso de los Estados Unidos     Biblioteca Campus Lázaro Cardenas Biblioteca Campus Lázaro Cardenas General 25/10/2012       KGF3003.T9 S26 2001 BCLC000000798 16/01/2015 3   Libro  
  Biblioteca del Cogreso de los Estados Unidos     Biblioteca de la Facultad de Derecho y Ciencias Sociales "Felipe J. Tena" Biblioteca de la Facultad de Derecho y Ciencias Sociales "Felipe J. Tena" General 23/04/2012 1a ed. Derecho Ciencias Sociales y Administrativas K3238 S26 2001 BFD000002788 16/01/2015 1 1.00 Libro